| 000 | 00452nam a2200133Ia 4500 | ||
|---|---|---|---|
| 008 | 170221s9999 xx 000 0 und d | ||
| 100 | _aRoss Taplin | ||
| 245 | 4 | _aThe Use of Fair Value and Historical Cost Accounting for Investment Properties in China | |
| 245 | _cRoss Taplin, Wei Yuan, and Alistair Brown | ||
| 260 | _c2015 | ||
| 300 | _a4 : 1 | ||
| 650 | _xBusiness | ||
| 856 | _uhttp://ro.uow.edu.au/cgi/viewcontent.cgi?article=1468&context=aabfj | ||
| 999 |
_c313659 _d313659 |
||